000 00656nam a2200205Ia 4500
001 11703
003 GE_BSU
008 181216s||||||||xx |||||||||||||| ||und||
040 _cGE_BSU
245 _aПсихологический журнал. Том 35, №4. 2014.Июль-Август
245 _cгл. ред.РАН А.Л.Журавлев и др.
260 _aМосква
260 _bНаука.
260 _c2014
300 _a128стр.29см.
653 _aПериодика
653 _aПсихологический журнал. Том 35, №4. 2014.Июль-Август
653 _aპერიოდიკა
942 _cCR
999 _c44885
_d44885